| 000 | 00693nam a2200181Ia 4500 | ||
|---|---|---|---|
| 008 | 090630s9999 xx 000 0 und d | ||
| 082 | _b10669 | ||
| 100 | _aमंगेशकर गीता. | ||
| 245 |
_aस्वप्नातल्या राजकुमारा. _cमंगेशकर गीता. |
||
| 260 |
_bप्रिया. _c1991 |
||
| 300 | _a270 | ||
| 600 | _aमंगेशकर गीता. | ||
| 630 | _aस्वप्नातल्या राजकुमारा. | ||
| 655 | _aकादंबरी. | ||
| 700 | _aमंगेशकर गीता. | ||
| 730 | _aस्वप्नातल्या राजकुमारा. | ||
| 942 | _cBOOK | ||
| 999 |
_c262525 _d262525 |
||